Violencia contra la mujer y su consecuencia en el desarrollo del país /

Uloženo v:
Podrobná bibliografie
Hlavní autor: Rubín, Gloria
Médium: Text
Témata:
Tagy: Přidat tag
Žádné tagy, Buďte první, kdo vytvoří štítek k tomuto záznamu!

MARC

LEADER 00000 a a2200000 04500
001 12657
003
040
100 |a Rubín, Gloria  
245 |a Violencia contra la mujer y su consecuencia en el desarrollo del país /  |c Gloria Rubín 
650 |a VIOLENCIA CONTRA LA MUJER  
650 |a CONSECUENCIAS SOCIALES  
650 |a LEGISLACION SOCIAL  
650 |a VIOLENCIA CONTRA LA MUJER  
773 |g número 9; páginas 20-28  
999 |c 28797  |d 28797